[Event "Irkutsk Baykal op"]
[Site "Irkutsk"]
[Date "2016.07.03"]
[Round "2"]
[White "Tatarnikova, Ekaterina"]
[Black "Popov, Petr"]
[Result "1-0"]
[WhiteElo "1443"]
[BlackElo "1573"]
[PlyCount "137"]
[EventDate "2016.07.02"]
[EventType "swiss"]
[EventRounds "9"]
[EventCountry "RUS"]
[SourceTitle "EXT 2019"]
[Source "ChessBase"]
[SourceDate "2018.10.10"]
[SourceVersion "1"]
[SourceVersionDate "2018.10.10"]
[SourceQuality "1"]

1. d4 Nf6 2. c4 d5 3. Nc3 Bf5 4. Qb3 Nc6 5. e3 e6 6. c5 Na5 7. Qa4+ c6 8. Nf3 Qc7 9. Be2 b6 10. b4 Nc4 11. Bxc4 dxc4 12. Ne5 b5 13. Qa6 Rc8 14. a4 Nd5 15. Nxd5 exd5 16. axb5 cxb5 17. Qxb5+ Ke7 18. Qa5 Qxa5 19. Rxa5 Rc7 20. Ra6 Rb7 21. Bd2 f6 22. Rxa7 Rxa7 23. Nc6+ Kd7 24. Nxa7 Be7 25. b5 Kc7 26. Nc6 Ra8 27. Na7 Bd3 28. b6+ Kb7 29. f3 Bd8 30. Ba5 Ka6 31. Bb4 Bxb6 32. cxb6 Kxb6 33. Bc5+ Kc7 34. Kd2 Rb8 35. Rg1 Rb2+ 36. Kc3 Rc2+ 37. Kb4 Rb2+ 38. Ka3 c3 39. Rc1 Bc4 40. Rxc3 Rxg2 41. h4 Rg3 42. f4 Rh3 43. Kb4 h5 44. Nb5+ Kd7 45. Nd6 Be2 46. Nf5 g6 47. Ne7 g5 48. hxg5 fxg5 49. fxg5 Rg3 50. g6 Rg5 51. Rc2 Bg4 52. Rf2 Ke6 53. Kc3 h4 54. Nc6 h3 55. Ne5 Bf5 56. Rh2 Rg2 57. Rxg2 hxg2 58. Nf3 Bxg6 59. Kd2 Be4 60. Ng1 Kf5 61. Bd6 Kg4 62. Ke2 Kf5 63. Kf2 Kg4 64. Be5 Kh4 65. Bh2 Kg4 66. Ne2 Kh3 67. Bg1 Kg4 68. Nf4 Bf3 69. Nxg2 1-0

[Event "Irkutsk Spring"]
[Site "Irkutsk"]
[Date "2016.04.20"]
[Round "6"]
[White "Kazantsev, Andrey"]
[Black "Popov, Petr"]
[Result "1-0"]
[WhiteElo "1502"]
[BlackElo "1583"]
[PlyCount "101"]
[EventDate "2016.04.09"]
[EventType "swiss"]
[EventRounds "9"]
[EventCountry "RUS"]
[SourceTitle "EXT 2022"]
[Source "ChessBase"]
[SourceDate "2021.10.06"]
[SourceVersion "1"]
[SourceVersionDate "2021.10.06"]
[SourceQuality "1"]

1. e4 e5 2. Nf3 Nc6 3. Nc3 Bc5 4. Bc4 d6 5. h3 Nd4 6. d3 Ne7 7. 0-0 h6 8. Nb5 a6 9. Nbxd4 exd4 10. Qe2 Ng6 11. e5 d5 12. Bb3 Be6 13. c3 dxc3 14. bxc3 0-0 15. d4 Be7 16. Bc2 c5 17. dxc5 Bxc5 18. Nd4 Bxd4 19. cxd4 Rc8 20. Bd3 Qh4 21. Bxg6 fxg6 22. Qd3 Bf5 23. Qb3 Qxd4 24. Bb2 Qd2 25. Rad1 Qg5 26. Qxd5+ Kh7 27. Bc1 Qe7 28. Qd6 Qf7 29. Qb6 Rc6 30. Qb3 Be6 31. Qe3 Bxa2 32. Rd6 Bc4 33. Rfd1 Be6 34. Ba3 Rfc8 35. Qe4 Rc2 36. R1d2 Rxd2 37. Rxd2 Rc4 38. Qe3 Qc7 39. Rd6 Rc6 40. Rd3 Bf5 41. Rb3 Re6 42. Bd6 Qc8 43. g4 Qc2 44. gxf5 gxf5 45. Kg2 f4 46. Qd3+ Rg6+ 47. Kf3 Qc6+ 48. Qe4 Qd7 49. Ke2 Qe8 50. Rxb7 Kg8 51. Rb8 1-0

[Event "Irkutsk Spring"]
[Site "Irkutsk"]
[Date "2016.04.17"]
[Round "5"]
[White "Buzuev, Alexandr"]
[Black "Popov, Petr"]
[Result "0-1"]
[WhiteElo "1472"]
[BlackElo "1583"]
[PlyCount "84"]
[EventDate "2016.04.09"]
[EventType "swiss"]
[EventRounds "9"]
[EventCountry "RUS"]
[SourceTitle "EXT 2022"]
[Source "ChessBase"]
[SourceDate "2021.10.06"]
[SourceVersion "1"]
[SourceVersionDate "2021.10.06"]
[SourceQuality "1"]

1. Nf3 Nc6 2. d4 e6 3. c4 d5 4. e3 Nf6 5. Nc3 Bb4 6. Bd2 Qe7 7. Bd3 a6 8. 0-0 0-0 9. cxd5 exd5 10. Rc1 Qd6 11. h3 Ne7 12. Qc2 c6 13. a3 Ba5 14. b4 Bc7 15. Ne5 Ng6 16. f4 Qe7 17. Be1 Be6 18. Bg3 Nh5 19. Bh2 Bxe5 20. dxe5 f5 21. Ne2 Qh4 22. Rf3 Rad8 23. Nd4 Qe7 24. Nxf5 Bxf5 25. Bxf5 Nh4 26. Bxh7+ Kh8 27. Rf2 Qf7 28. Bd3 Qe6 29. f5 Qh6 30. Bf4 Nxf4 31. Rxf4 d4 32. g3 g5 33. Rcf1 gxf4 34. Rxf4 Rg8 35. Kh2 Rxg3 36. Kxg3 Rg8+ 37. Rg4 Qxe3+ 38. Kxh4 Re8 39. Qe2 Qc1 40. Rg6 Re7 41. e6 Qf4+ 42. Qg4 Rh7+ 0-1

[Event "Irkutsk Spring"]
[Site "Irkutsk"]
[Date "2016.04.16"]
[Round "4"]
[White "Popov, Petr"]
[Black "Prokhorov, Yury"]
[Result "0-1"]
[WhiteElo "1583"]
[BlackElo "1739"]
[PlyCount "70"]
[EventDate "2016.04.09"]
[EventType "swiss"]
[EventRounds "9"]
[EventCountry "RUS"]
[SourceTitle "EXT 2022"]
[Source "ChessBase"]
[SourceDate "2021.10.06"]
[SourceVersion "1"]
[SourceVersionDate "2021.10.06"]
[SourceQuality "1"]

1. e4 c5 2. f4 e6 3. Nf3 Ne7 4. d4 cxd4 5. Qxd4 Nbc6 6. Qd1 d5 7. exd5 Nxd5 8. Bb5 Qa5+ 9. Nbd2 Qxb5 10. c4 Qb6 11. cxd5 exd5 12. Nb3 Bb4+ 13. Bd2 0-0 14. Qc2 Re8+ 15. Kd1 Bg4 16. Rf1 Rac8 17. Qd3 g6 18. a3 Bf5 19. Qxd5 Red8 20. Qc4 Bd3 21. Qc1 Bxd2 22. Nbxd2 Bxf1 23. Ke1 Bxg2 24. Nc4 Re8+ 25. Nfe5 Qg1+ 26. Kd2 Qd4+ 27. Nd3 Red8 28. Qc3 Qf2+ 29. Kc1 Qf1+ 30. Ne1 Nd4 31. Kb1 Rxc4 32. Qa5 Rdc8 33. Ka2 R4c5 34. Qd2 Bd5+ 35. b3 Nxb3 0-1

[Event "Irkutsk Spring"]
[Site "Irkutsk"]
[Date "2016.04.10"]
[Round "2"]
[White "Oshirov, Eduard"]
[Black "Popov, Petr"]
[Result "1-0"]
[WhiteElo "1849"]
[BlackElo "1583"]
[PlyCount "59"]
[EventDate "2016.04.09"]
[EventType "swiss"]
[EventRounds "9"]
[EventCountry "RUS"]
[SourceTitle "EXT 2022"]
[Source "ChessBase"]
[SourceDate "2021.10.06"]
[SourceVersion "1"]
[SourceVersionDate "2021.10.06"]
[SourceQuality "1"]

1. b4 c5 2. bxc5 Nc6 3. Bb2 Nf6 4. d4 b5 5. e3 d6 6. d5 Na5 7. Bxb5+ Bd7 8. c6 Qb6 9. cxd7+ Nxd7 10. a4 a6 11. Bd4 Qb7 12. Bxd7+ Qxd7 13. Nd2 e5 14. Bb6 Nb7 15. a5 Qb5 16. c4 Qd7 17. Ne2 Be7 18. 0-0 0-0 19. Ng3 f5 20. e4 f4 21. Nf5 Bg5 22. Qg4 Rxf5 23. exf5 Qe7 24. Ne4 Bf6 25. Rab1 Rc8 26. c5 Nd8 27. Rfc1 Nf7 28. cxd6 Rxc1+ 29. Rxc1 Qd7 30. Nxf6+ 1-0

[Event "Irkutsk-ch otbor"]
[Site "Irkutsk"]
[Date "2013.11.17"]
[Round "1"]
[White "Ladyzhinsky, Igor"]
[Black "Popov, Petr"]
[Result "1-0"]
[WhiteElo "1901"]
[BlackElo "1554"]
[PlyCount "33"]
[EventDate "2013.11.17"]
[EventType "swiss"]
[EventRounds "9"]
[EventCountry "RUS"]
[SourceTitle "EXT 2016"]
[Source "ChessBase"]
[SourceDate "2015.10.08"]
[SourceVersion "1"]
[SourceVersionDate "2015.10.08"]
[SourceQuality "1"]

1. e4 e5 2. Nf3 Nc6 3. Bb5 Qf6 4. Nc3 Bc5 5. Nd5 Qd6 6. c3 Nce7 7. d4 Nxd5 8. dxc5 Qg6 9. exd5 Ne7 10. 0-0 c6 11. d6 Nd5 12. Nxe5 Qf6 13. Ng4 Qg6 14. Re1+ Kf8 15. Bd3 Qh5 16. Re5 Qh4 17. Bg5 1-0

[Event "Irkutsk Ermolaev Memorial 6th"]
[Site "Irkutsk"]
[Date "2012.08.08"]
[Round "8"]
[White "Popov, Petr"]
[Black "Eliseev, Nikolay"]
[Result "0-1"]
[WhiteElo "1545"]
[BlackElo "2104"]
[PlyCount "38"]
[EventDate "2012.08.01"]
[EventType "swiss"]
[EventRounds "9"]
[EventCountry "RUS"]
[SourceTitle "CBM 149 Extra"]
[Source "ChessBase"]
[SourceDate "2012.08.24"]
[SourceVersion "1"]
[SourceVersionDate "2012.08.24"]
[SourceQuality "1"]

1. e4 c5 2. f4 d5 3. exd5 Qxd5 4. Nc3 Qd8 5. Nf3 Nf6 6. Bc4 e6 7. 0-0 a6 8. a3 Be7 9. d3 0-0 10. Be3 Nbd7 11. Qe2 b5 12. Ba2 Bb7 13. Rad1 Rc8 14. d4 Qc7 15. Ne5 b4 16. axb4 cxb4 17. Na4 Qxc2 18. Qxc2 Rxc2 19. Rc1 Rxg2+ 0-1